Top 30 : Metro Boomin - Statistiques

Statistiques générales
  • Ce quiz a été pris 17 fois
  • Le résultat moyen est 12 sur 30
Statistiques - réponses
Top Titres Featuring % Correct
2 Creepin' The Weeknd, 21 Savage
100%
11 Type Shit Future, Travis Scott, Playboi Carti
89%
6 Superhero (Heroes & Villains) Future, Chris Brown
78%
4 Too Many Nights Future, Don Toliver
78%
5 Trance Travis Scott, Young Thug
78%
19 Am I Dreaming A$AP Rocky, Roisee
67%
7 Like That Future, Kendrick Lamar
67%
16 Niagara Falls (Foot or 2) Travis Scott, 21 Savage
67%
8 Runnin 21 Savage
67%
1 Ric Flair Drip Offset
56%
3 Space Cadet Gunna
56%
9 Glock In My Lap 21 Savage
44%
18 Around Me Don Toliver
33%
21 Calling Swae Lee, NAV, A Boogie Wit da Hoodie
33%
25 Cinderella Future, Travis Scott
33%
13 Overdue Travis Sott
33%
24 Raindrops (Insane) Travis Scott
33%
23 Annihilate Swae Lee, Lil Wayne, Offset
22%
17 Ghostface Killers 21 Savage, Offset, Travis Scott
22%
27 née-nah 21 Savage, Travis Scott
22%
15 No Heart 21 Savage
22%
30 Rap Saved Me 21 Savage, Offset, Quavo
22%
14 Rich Nigga Shit 21 Savage, Young Thug
22%
28 Self Love Coi Leray
22%
12 X 21 Savage, Future
22%
10 10 Freaky Girls 21 Savage
11%
26 Don't Come Out The House 21 Savage
11%
29 I Can't Save You (Interlude) Future, Don Toliver
11%
20 Mr. Right Now 21 Savage, Drake
11%
22 No Complaints Offset, Drake
11%
Aucun quiz correspondant
Distribution des résultats
% des personnes avec chaque résultat
Percentile par nombre de réponses
Votre historique - résultats
Vous n’avez pas pris ce quiz